The most beautiful universities in the world
| Main Author: | |
|---|---|
| Other Authors: | |
| Format: | Book |
| Published: |
New York :
Abrams ,
2015
|
| Subjects: |
MARC
| LEADER | 00000cam a2200000 7i4500 | ||
|---|---|---|---|
| 001 | 0000204792 | ||
| 005 | 20161208.0 | ||
| 020 | |a 9781419717888 | ||
| 090 | 0 | 0 | |a 727.3 |b DEL |
| 100 | 1 | |a De Laubier, Guillaume | |
| 245 | 1 | 4 | |a The most beautiful universities in the world |c Guillaume De Laubier ; text by Jean Serroy |
| 260 | |a New York : |b Abrams , |c 2015 | ||
| 300 | |a 239p. ; |c 29cm. | ||
| 650 | 0 | 0 | |a College buildings |v Pictorial works |
| 650 | 0 | 0 | |a Universities and College |v Pictorial works |
| 700 | 1 | |a Serroy, Jean | |
| 999 | |a 00330542 |b BUKU |c RUJUKAN |e PERPUSTAKAAN KOMUNITI PETALING JAYA | ||